Statistics for Select the tile with Correct Word

Click here to take the quiz!

General Stats

  • This quiz has been taken 33 times
  • The average score is 21 of 24

Answer Stats

QuestionTileSelect% Correct
JusticeI don't know this oneNo
100%
SupercalifragilisticexpialidociousLousyNo
100%
JusticeneglectingNo
100%
OrganismA form of heliumNo
97%
PneumonoultramicroscopicsilicovolcanoconiosisBIG VOLCANONo
97%
OrganismBody oF WATERNo
97%
SupercalifragilisticexpialidociousFeel BadNo
97%
SupercalifragilisticexpialidociousMad/ AngryNo
97%
PneumonoultramicroscopicsilicovolcanoconiosisMICROSCOPIC PLANTNo
97%
PneumonoultramicroscopicsilicovolcanoconiosisROCKNo
97%
SupercalifragilisticexpialidociousSadNo
97%
PneumonoultramicroscopicsilicovolcanoconiosisSmall MicNo
97%
SupercalifragilisticexpialidociousExhaustedNo
94%
SupercalifragilisticexpialidociousHappyNo
94%
PneumonoultramicroscopicsilicovolcanoconiosisScienceNo
94%
PneumonoultramicroscopicsilicovolcanoconiosisMICRONo
90%
OrganismPlantNo
84%
PneumonoultramicroscopicsilicovolcanoconiosisScientific Name for LungsNo
84%
Organismanimal plant or singled cellYes
81%
PneumonoultramicroscopicsilicovolcanoconiosisLung DiseaseYes
77%
SupercalifragilisticexpialidociousWonderful Extraordinarily goodYes
61%
JusticerevengeNo
58%
Justicebehavior or treatmentYes
55%
SupercalifragilisticexpialidociousMary PoppinsNo
55%

Score Distribution

Percentile by Number Answered

Percent of People with Each Score

Your Score History

You have not taken this quiz